All Minecraft Mobs - Statistics

General Stats
  • This quiz has been taken 746 times
    60 since last reset
  • The average score is 59 of 128
Answer Stats
Version
Added
Mobs % Correct
Classic Zombie
98%
Alpha Chicken
96%
Classic Pig
96%
Alpha Cow
93%
Classic Creeper
93%
Classic Skeleton
91%
1.0 Ender Dragon
87%
1.16 Piglin
87%
Beta Enderman
85%
1.6 | April Fools 2013 Horse
85%
1.13 Salmon
85%
Classic Sheep
85%
1.0 Villager
85%
1.4 Wither
85%
Beta Wolf
85%
1.14 Cat
83%
Classic Spider
80%
1.14 Pillager
78%
1.4 Wither Skeleton
78%
1.13 Cod
76%
Alpha Ghast
76%
1.2 Ocelot
76%
Alpha Zombified Piglin
74%
1.6 Donkey
72%
1.8 Endermite
72%
1.13 Tropical Fish
72%
1.10 Husk
70%
1.2 Iron Golem
70%
1.12 Parrot
70%
1.0 Blaze
67%
1.13 Drowned
67%
Alpha Slime
67%
1.14 Fox
65%
1.0 Magma Cube
65%
1.6 Mule
65%
1.9 Shulker
65%
Beta Silverfish
65%
1.4 Witch
65%
1.19 Frog
63%
1.15 Bee
61%
1.20 Camel
61%
1.13 Dolphin
61%
1.8 Guardian
61%
1.16 Hoglin
61%
1.13 Pufferfish
61%
1.8 Rabbit
61%
1.19 | April Fools 2025 Warden
61%
1.19 Allay
59%
1.8 Elder Guardian
59%
1.14 Ravager
59%
1.10 Stray
59%
1.16 Strider
59%
1.11 Vindicator
59%
1.4 Bat
57%
Beta Cave Spider
57%
1.11 Evoker
57%
1.14 Panda
57%
1.13 Phantom
57%
1.10 Polar Bear
57%
Beta Squid
57%
1.11 Llama
54%
1.6 Skeleton Horse
54%
1.0 Snow Golem
54%
1.4 Zombie Villager
54%
1.17 Axolotl
52%
1.21 Bogged
52%
1.0 Mooshroom
52%
1.11 Vex
52%
1.6 Zombie Horse
52%
1.17 Goat
50%
1.16 Piglin Brute
50%
1.20 Sniffer
50%
1.21 Copper Golem
48%
1.16 Zoglin
48%
1.13 Turtle
46%
1.21 Armadillo
43%
1.17 Glow Squid
43%
1.21 Happy Ghast
43%
1.21 Nautilus
43%
1.21 Breeze
41%
26.2 Sulfur Cube
41%
Indev Giant
37%
1.14 Wandering Trader
37%
1.19 Tadpole
35%
1.21 Creaking
33%
1.21 Zombie Nautilus
33%
1.12 Illusioner
30%
? Herobrine
28%
1.14 Trader Llama
24%
1.21 Camel Husk
20%
1.21 Parched
20%
Pre-Classic Mob
15%
April Fools 2013 Pink Wither
13%
April Fools 2013 Diamond Chicken
9%
April Fools 2013 Redstone Bug
9%
April Fools 2025 Angry Ghast
7%
April Fools 2024 Batato
7%
April Fools 2024 Mega Spud
7%
April Fools 2023 Moon Cow
7%
April Fools 2024 Poisonous Potato Zombie
7%
Beta Builder
4%
April Fools 2026 Living Block
4%
April Fools 2015 Love Golem
4%
Infdev Monster
4%
April Fools 2019 Nerd Creeper
4%
April Fools 2024 Plaguewhale Slab
4%
April Fools 2023 Ray Tracing
4%
April Fools 2015 Smiling Creeper
4%
April Fools 2025 Spectator Villager
4%
April Fools 2025 Toxifin Slab
4%
April Fools 2025 Traitor
4%
April Fools 2025 Pet Armadillo
2%
April Fools 2025 Pet Axolotl
2%
April Fools 2025 Pet Bee
2%
April Fools 2025 Pet Cat
2%
April Fools 2025 Pet Chicken
2%
April Fools 2025 Pet Cow
2%
April Fools 2025 Pet Creeper
2%
April Fools 2025 Pet Polar Bear
2%
April Fools 2025 Pet Slime
2%
April Fools 2025 Pet Turtle
2%
April Fools 2025 Pet Wolf
2%
April Fools 2025 Spectator Witch
2%
April Fools 2025 Pet Fox
0%
April Fools 2025 Pet Frog
0%
April Fools 2025 Pet Mooshroom
0%
No matching quizzes found
Score Distribution
Percent of People with Each Score
Percentile by Number Answered
Your Score History
You have not taken this quiz since the last reset